Italian Serie A - Statistics

General Stats
  • This quiz has been taken 2,516 times
    2,515 since last reset
  • The average score is 13 of 20
Answer Stats
Answer % Correct
Internazionale
97%
Milan
97%
Juventus
96%
Roma
90%
Napoli
87%
Lazio
84%
Fiorentina
73%
Parma
65%
Udinese
65%
Atalanta
63%
Genoa
63%
Palermo
63%
Bologna
60%
Cagliari
57%
Chievo
55%
Catania
45%
Lecce
38%
Siena
34%
Cesena
31%
Novara
24%
No matching quizzes found
Score Distribution
Percent of People with Each Score
Percentile by Number Answered
Your Score History
You have not taken this quiz since the last reset